<?xml version="1.0" encoding="UTF-8"?><?xml-stylesheet type="text/xsl" href="static/style.xsl"?><OAI-PMH xmlns="http://www.openarchives.org/OAI/2.0/" xmlns:xsi="http://www.w3.org/2001/XMLSchema-instance" xsi:schemaLocation="http://www.openarchives.org/OAI/2.0/ http://www.openarchives.org/OAI/2.0/OAI-PMH.xsd"><responseDate>2026-04-14T08:25:23Z</responseDate><request verb="GetRecord" identifier="oai:www.recercat.cat:2117/447115" metadataPrefix="marc">https://recercat.cat/oai/request</request><GetRecord><record><header><identifier>oai:recercat.cat:2117/447115</identifier><datestamp>2026-01-21T12:37:25Z</datestamp><setSpec>com_2072_1033</setSpec><setSpec>col_2072_452950</setSpec></header><metadata><record xmlns="http://www.loc.gov/MARC21/slim" xmlns:dcterms="http://purl.org/dc/terms/" xmlns:xsi="http://www.w3.org/2001/XMLSchema-instance" xmlns:doc="http://www.lyncode.com/xoai" xsi:schemaLocation="http://www.loc.gov/MARC21/slim http://www.loc.gov/standards/marcxml/schema/MARC21slim.xsd">
   <leader>00925njm 22002777a 4500</leader>
   <datafield ind2=" " ind1=" " tag="042">
      <subfield code="a">dc</subfield>
   </datafield>
   <datafield ind2=" " ind1=" " tag="720">
      <subfield code="a">García Nieto, Paulino José</subfield>
      <subfield code="e">author</subfield>
   </datafield>
   <datafield ind2=" " ind1=" " tag="720">
      <subfield code="a">García Gonzalo, Esperanza</subfield>
      <subfield code="e">author</subfield>
   </datafield>
   <datafield ind2=" " ind1=" " tag="720">
      <subfield code="a">Puig-Bargués, jaume</subfield>
      <subfield code="e">author</subfield>
   </datafield>
   <datafield ind2=" " ind1=" " tag="720">
      <subfield code="a">Solé Torres, Carles</subfield>
      <subfield code="e">author</subfield>
   </datafield>
   <datafield ind2=" " ind1=" " tag="720">
      <subfield code="a">Duran Ros, Miquel</subfield>
      <subfield code="e">author</subfield>
   </datafield>
   <datafield ind2=" " ind1=" " tag="720">
      <subfield code="a">Arbat, Gerard</subfield>
      <subfield code="e">author</subfield>
   </datafield>
   <datafield ind2=" " ind1=" " tag="260">
      <subfield code="c">2020-03</subfield>
   </datafield>
   <datafield ind2=" " ind1=" " tag="520">
      <subfield code="a">Sand media filters used in microirrigation systems must remove suspended particle load for avoiding emitter physical clogging. Turbidity is a parameter related to suspended particle load that it is easy and quick to measure and it is also included in some guidelines for reusing effluents in irrigation. Currently, there are not sufficiently accurate models available to predict outlet turbidity for sand filters, which would be useful for both irrigators and engineers. The aim of this study was to obtain a predictive model able to perform an early detection of the sand filter outlet value of turbidity. This study presents a powerful and effective Bayesian nonparametric approach, termed Gaussian process regression (GPR) model, for predicting the output turbidity (Turbo) from data corresponding to 637 samples of different sand filters using reclaimed effluent. This optimization technique involves kernel parameter setting in the GPR training procedure, which significantly influences the regression accuracy. To this end, the most important parameters of this process are monitored and analyzed: type of filter, height of the filter bed (H), filtration velocity (v) and filter inlet values of the electrical conductivity (CEi), dissolved oxygen (DOi), pHi, turbidity (Turbi) and water temperature (Ti). The results of the present study are two-fold. In the first place, the significance of each variable on the filtration is presented through the model. Secondly, a model for forecasting the outlet turbidity was obtained with success. Indeed, regression with optimal hyperparameters was performed and a coefficient of determination equal to 0.8921 for outlet turbidity was obtained when this new predictive GPR-based model was applied to the experimental dataset. The agreement between experimental data and the model confirmed the good performance of the latter¿</subfield>
   </datafield>
   <datafield ind2=" " ind1=" " tag="520">
      <subfield code="a">6 - Aigua Neta i Sanejament</subfield>
   </datafield>
   <datafield ind2=" " ind1=" " tag="520">
      <subfield code="a">Postprint (author's final draft)</subfield>
   </datafield>
   <datafield tag="653" ind2=" " ind1=" ">
      <subfield code="a">Àrees temàtiques de la UPC::Enginyeria agroalimentària::Agricultura::Reg</subfield>
   </datafield>
   <datafield tag="653" ind2=" " ind1=" ">
      <subfield code="a">Gaussian process regression</subfield>
   </datafield>
   <datafield tag="653" ind2=" " ind1=" ">
      <subfield code="a">Bayesian statistics</subfield>
   </datafield>
   <datafield tag="653" ind2=" " ind1=" ">
      <subfield code="a">Machine learning techniques</subfield>
   </datafield>
   <datafield tag="653" ind2=" " ind1=" ">
      <subfield code="a">Drip irrigation</subfield>
   </datafield>
   <datafield tag="653" ind2=" " ind1=" ">
      <subfield code="a">Clogging</subfield>
   </datafield>
   <datafield ind2="0" ind1="0" tag="245">
      <subfield code="a">A new predictive model for the outlet turbidity in micro-irrigation sand filters fed with effluents using Gaussian process regression</subfield>
   </datafield>
</record></metadata></record></GetRecord></OAI-PMH>